Nad : (Record no. 134341)
[ view plain ]
| 000 -LEADER | |
|---|---|
| fixed length control field | 00714nam a22002297a 4500 |
| 005 - DATE AND TIME OF LATEST TRANSACTION | |
| control field | 20170124110224.0 |
| 010 ## - LIBRARY OF CONGRESS CONTROL NUMBER | |
| LC control number | A-947182 |
| 020 ## - INTERNATIONAL STANDARD BOOK NUMBER | |
| Terms of availability | 395.00 |
| International Standard Book Number | 8186982086 |
| 035 ## - SYSTEM CONTROL NUMBER | |
| System control number | A-947182 |
| 037 ## - SOURCE OF ACQUISITION | |
| Source of stock number/acquisition | Cen Lib/Ret |
| 040 ## - CATALOGING SOURCE | |
| Original cataloging agency | DPL |
| Language of cataloging | EN |
| 082 ## - DEWEY DECIMAL CLASSIFICATION NUMBER | |
| Classification number | 781.68 |
| Item number | BAG |
| 100 ## - MAIN ENTRY--PERSONAL NAME | |
| Personal name | Bagchee, Sandeep |
| 9 (RLIN) | 24104 |
| 245 ## - TITLE STATEMENT | |
| Title | Nad : |
| Statement of responsibility, etc | by Sandeep Bagchee |
| Remainder of title | understanding raga music / |
| 260 ## - PUBLICATION, DISTRIBUTION, ETC. (IMPRINT) | |
| Place of publication, distribution, etc | Mumbai |
| Name of publisher, distributor, etc | Ceshwar |
| Date of publication, distribution, etc | 1998 |
| 270 ## - ADDRESS | |
| City | Mumbai |
| Address | 229A karantiver rajguru marg, girgaon |
| Postal code | 400004 |
| 300 ## - PHYSICAL DESCRIPTION | |
| Extent | 382p. |
| Dimensions | 21cm(Hb) |
| 500 ## - GENERAL NOTE | |
| General note | Includes glossary and bibliographical references |
| 650 ## - SUBJECT ADDED ENTRY--TOPICAL TERM | |
| Topical term or geographic name as entry element | Raga music |
| 9 (RLIN) | 40477 |
| 650 ## - SUBJECT ADDED ENTRY--TOPICAL TERM | |
| Topical term or geographic name as entry element | Hindustani music |
| General subdivision | Theory |
| 9 (RLIN) | 40478 |
| 942 ## - ADDED ENTRY ELEMENTS (KOHA) | |
| Source of classification or shelving scheme | Dewey Decimal Classification |
| Koha item type | English Books |
| Classification part | 781.68 |
| Call number suffix | BAG |
| Withdrawn status | Lost status | Damaged status | Not for loan | Collection code | Home library | Current library | Date acquired | Source of acquisition | Cost, normal purchase price | Total Checkouts | Full call number | Barcode | Date last seen | Copy number | Cost, replacement price | Price effective from | Koha item type |
|---|---|---|---|---|---|---|---|---|---|---|---|---|---|---|---|---|---|
| Not For Loan | Reference | Central Library | Central Library | 29/07/2015 | Cen Lib/Ret | 395.00 | 781.68 BAG | A-947182 | 29/07/2015 | 1 | 395.00 | 29/07/2015 | English Books |
